000 00758cab a2200253 4500
001 WB3131-39
008 090401t1995 xxu||||| |||| 00| 0 eng d
035 _a(Sirsi) u51739
041 _aeng
245 _aLondon to receive EC cash boost
260 _c1995
350 _a0
490 _aDoE News Release
_v(412) 15 August 1995, (3)
520 _aAnnounces a package of European Regional Development Funds amounting to more than £26m for regeneration projects in East London.
650 _aEAST LONDON
650 _aEC FUNDING
650 _aERDF
650 _aLOCAL BUSINESSES
650 _aREGENERATION PROJECTS
650 _aURBAN REGENERATION
690 _aPROPERTY-PROPERTY FINANCE AND INVESTMENT
942 _n0
948 _c04/03/1997
999 _c32107
_d32107